Vista normal
Vista MARC
Entrada Topical Term
Número de registros utilizados en: 3
001 - CONTROL NUMBER
- control field: 1216
003 - CONTROL NUMBER IDENTIFIER
- control field: OSt
005 - DATE AND TIME OF LATEST TRANSACTION
- control field: 20230413161040.0
008 - FIXED-LENGTH DATA ELEMENTS
- fixed length control field: 230413|| aca||aabn | a|a d
040 ## - CATALOGING SOURCE
- Original cataloging agency: OSt
- Transcribing agency: OSt
150 ## - HEADING--TOPICAL TERM
- Topical term or geographic name entry element: Ciencia política
- Form subdivision: Ensayos, conferencias, etc
670 ## - SOURCE DATA FOUND
- Source citation: Work cat.: (OSt)0: Dangond Uribe, Alberto 1933- 1213, La política, el amor y otros textos